Top 25 FIFA 21 Premier League players. - Statistics

General Stats
  • This quiz has been taken 196 times
  • The average score is 22 of 25
Answer Stats
Hint Answer % Correct
Harry Kane
100%
Man City GK Ederson
99%
Sadio Mane
99%
Mo Salah
99%
Heung-Min Son
99%
Raheem Sterling
99%
Virgil Van Dijk
99%
Trent Alexander Arnold
98%
Ngolo Kante
98%
Bernardo Silva
98%
Allison Becker
97%
Kevin De Bruyne
97%
Bruno Fernandes
95%
Pierre-Emerick Aubameyang
94%
Hugo Lloris
93%
Liverpool CDM Fabinho
88%
Sergio Aguero
86%
Aymeric Laporte
85%
Roberto Firmino
82%
Jordan Henderson
76%
Jamie Vardy
76%
Paul Pogba
74%
Gini Wijnaldum
70%
Andy Robertson
64%
David De Gea
55%
No matching quizzes found
Score Distribution
Percent of People with Each Score
Percentile by Number Answered
Your Score History
You have not taken this quiz